| 000 | 02558nam a22003137a 4500 | ||
|---|---|---|---|
| 003 | UA-OsUOA | ||
| 001 | 50922 | ||
| 007 | ta | ||
| 008 | 20071128b un ||||| |||| 00| 0 ukr d | ||
| 090 |
_a330(477) _bВ-22 |
||
| 942 | _cMG | ||
| 040 |
_aUA-OsUOA _bukr _cUA-OsUOA _dUA-OsUOA |
||
| 245 |
_aВісник Національного банку України _cГол. ред. кол. Сологуб Д. |
||
| 955 | _a1 | ||
| 041 | _aukr | ||
| 080 | _a330(477) | ||
| 022 | _a2310-2624 | ||
| 856 | 4 | 0 | _uhttps://bank.gov.ua/control/uk/publish/article?art_id=42551443&cat_id=58429 |
| 520 | 3 | _aВісник Національного банку України" – це журнал, в якому публікуються теоретичні та емпіричні дослідження у сфері економіки, фінансів та банківської справи. Метою журналу є розширення комунікацій центрального банку з академічною спільнотою, підвищення | |
| 520 | 3 | _aякості досліджень та прийняття на їх основі ефективних рішень у сфері монетарної політики, фінансових ринків та мікро- і макропруденційного інституційного регулювання. Публікації орієнтовані на читачів, які цікавляться темами, що пов’язані з діяльніс | |
| 520 | 3 | _aтю і сферами відповідальності центральних банків.Пріоритетними напрямами для дослідницьких робіт є:- монетарна політика;- фінансова стабільність;- макроекономічне моделювання та прогнозування;- інші питання, що належать до компетен | |
| 520 | 3 | _aції центральних банків."Вісник Національного банку України" публікується щокварталу в електронному форматі українською та англійською мовами. | |
| 260 | _aК. | ||
| 246 | 3 | 1 |
_aЩомісячний науково-практичний журнал Національного банку України _n |
| 044 | _aUA | ||
| 962 | _a1995 | ||
| 099 | _a74132 | ||
| 650 | 7 |
_a330 Економіка взагалі _2UDC |
|
| 999 |
_c336999 _d336999 |
||